| 000 | 00653cam a2200145 4500500 | ||
|---|---|---|---|
| 005 | 20260208010539.0 | ||
| 041 | _afre | ||
| 042 | _adc | ||
| 100 | 1 | 0 |
_aSamama, Guy _eauthor |
| 245 | 0 | 0 | _aCornelius Castoriadis, Ce qui fait la Grèce, I. D’Homère à Héraclite. Séminaires 1982-1983 (La création humaine, II), Paris, Le Seuil, 2004, coll. « La Couleur des idées », 361 p., 24 E. |
| 260 | _c2005. | ||
| 500 | _a16 | ||
| 786 | 0 | _nRevue philosophique de la France et de l'étranger | 130 | 1 | 2005-03-01 | p. 77v-130v | 0035-3833 | |
| 856 | 4 | 1 | _uhttps://shs.cairn.info/revue-philosophique-2005-1-page-77v?lang=fr&redirect-ssocas=7080 |
| 999 |
_c1657061 _d1657061 |
||